| 000 | 00736nam a2200241 i 4500 | ||
|---|---|---|---|
| 001 | 8481 | ||
| 003 | ES-MaACL | ||
| 005 | 20240222063044.0 | ||
| 007 | t| | ||
| 008 | 920622s1992 sp |||| | spa d | ||
| 020 | _a84-320-7550-7 | ||
| 080 | _a86-94"19" | ||
| 100 | 1 |
_aUmbral, Francisco, _d1932-2007 _9111971 |
|
| 245 | 1 | 0 |
_aDel 98 a don Juan Carlos / _cFrancisco Umbral. |
| 250 | _a1ª ed. | ||
| 260 |
_aBarcelona : _bPlaneta, _c1992. |
||
| 300 |
_a384 p. : _bil. ; _c23 cm. |
||
| 490 | 1 |
_aEspejo de España. Serie los españoles ; _v151 |
|
| 651 | 4 |
_aEspaña- _xHistoria- _yS.XX. _9138832 |
|
| 830 | 0 |
_aEspejo de España. Serie los españoles ; _v151 _9178159 |
|
| 852 |
_aES-MaACL _jL-15858 |
||
| 999 |
_c8481 _d8481 |
||